<?xml version="1.0" encoding="UTF-8"?>
<collection xmlns="http://www.loc.gov/MARC21/slim">
 <record>
  <leader>01067pamaa2200217   4500</leader>
  <controlfield tag="001">0000048885</controlfield>
  <controlfield tag="005">20130320090000.0</controlfield>
  <controlfield tag="008">110323                             eng  </controlfield>
  <datafield tag="020" ind1="0" ind2="0">
   <subfield code="a">9781576758632 (pbk.) </subfield>
  </datafield>
  <datafield tag="090" ind1="0" ind2="0">
   <subfield code="a">BF637 </subfield>
   <subfield code="b">HEL 2009</subfield>
  </datafield>
  <datafield tag="100" ind1="1" ind2="0">
   <subfield code="a">Schein </subfield>
  </datafield>
  <datafield tag="245" ind1="1" ind2="0">
   <subfield code="a">Helping : </subfield>
   <subfield code="b">how to offer, give, and receive help  </subfield>
   <subfield code="c">Edgar H. Schein.</subfield>
  </datafield>
  <datafield tag="250" ind1="0" ind2="0">
   <subfield code="a">1st ed.</subfield>
  </datafield>
  <datafield tag="260" ind1="0" ind2="0">
   <subfield code="a">San Francisco: </subfield>
   <subfield code="b">Berrett-Koehler Pub., </subfield>
   <subfield code="c">2009.</subfield>
  </datafield>
  <datafield tag="300" ind1=" " ind2=" ">
   <subfield code="a">xv, 167 p.; </subfield>
   <subfield code="c">22 cm.</subfield>
  </datafield>
  <datafield tag="440" ind1="0" ind2="2">
   <subfield code="a">A BK business book</subfield>
  </datafield>
  <datafield tag="501" ind1="0" ind2="0">
   <subfield code="a">MBADI</subfield>
  </datafield>
  <datafield tag="504" ind1="0" ind2="0">
   <subfield code="a">Includes bibliographical references (p. 159-160) and index</subfield>
  </datafield>
  <datafield tag="505" ind1="0" ind2="0">
   <subfield code="a">What is help? -- Economics and theater : the essence of relationships -- The inequalities and ambiguities of the helping relationship -- Helping as theater : three kinds of helping roles -- Humble inquiry : the key to building and maintaining the helping relationship -- Applying the inquiry process -- Teamwork as perpetual reciprocal helping -- Helping leaders and organizational clients -- Principles and tips</subfield>
  </datafield>
  <datafield tag="650" ind1="0" ind2="0">
   <subfield code="a">Helping behavior </subfield>
  </datafield>
  <datafield tag="901" ind1=" " ind2=" ">
   <subfield code="u">www.bkconnection.com</subfield>
  </datafield>
 </record>
</collection>
